RICS - ICES statement (Record no. 74005)
[ view plain ]
| 000 -LEADER | |
|---|---|
| fixed length control field | 01221cam a2200229 4500 |
| 001 - CONTROL NUMBER | |
| control field | WB4001-33 |
| 008 - FIXED-LENGTH DATA ELEMENTS--GENERAL INFORMATION | |
| fixed length control field | 031223n2003 000 0 eng u |
| 035 ## - SYSTEM CONTROL NUMBER | |
| System control number | (Sirsi) u124696 |
| 245 ## - TITLE STATEMENT | |
| Title | RICS - ICES statement |
| 260 ## - PUBLICATION, DISTRIBUTION, ETC. | |
| Date of publication, distribution, etc. | 2003 |
| 490 ## - SERIES STATEMENT | |
| Series statement | RICS Quantity Surveying and Construction Faculty News |
| Volume/sequential designation | 16 December 2003 (1) |
| 520 ## - SUMMARY, ETC. | |
| Summary, etc. | RICS is currently in negotiations with the Institution of Civil Engineering Surveyors (ICES) about merging operations. Discussions are at an early stage. No final decisions will be reached without consultation of both memberships. RICS and ICES already collaborate on joint projects. Closer working would be in the interest of all surveyors working in geospatial engineering and commercial management in the civil engineering sector. ICES website is at http://www.ices.org.uk/. http://www.rics.org/ricscms/bin/show?class=News&template=/includes/shownews.html&id=7840&faculty=Construction&faculty=All%20Faculties |
| 590 ## - LOCAL NOTE (RLIN) | |
| Local note | WB |
| 650 ## - SUBJECT ADDED ENTRY--TOPICAL TERM | |
| Topical term or geographic name entry element | INSTITUTION OF CIVIL ENGINEERING SURVEYORS |
| 650 ## - SUBJECT ADDED ENTRY--TOPICAL TERM | |
| Topical term or geographic name entry element | ICES |
| 650 ## - SUBJECT ADDED ENTRY--TOPICAL TERM | |
| Topical term or geographic name entry element | SURVEYORS |
| 650 ## - SUBJECT ADDED ENTRY--TOPICAL TERM | |
| Topical term or geographic name entry element | GEOSPATIAL ENGINEERING |
| 650 ## - SUBJECT ADDED ENTRY--TOPICAL TERM | |
| Topical term or geographic name entry element | COMMERCIAL MANAGEMENT |
| 650 ## - SUBJECT ADDED ENTRY--TOPICAL TERM | |
| Topical term or geographic name entry element | CIVIL ENGINEERING |
| 690 ## - LOCAL SUBJECT ADDED ENTRY--TOPICAL TERM (OCLC, RLIN) | |
| Topical term or geographic name as entry element | RICS NEWS |
| 942 ## - ADDED ENTRY ELEMENTS (KOHA) | |
| Suppress in OPAC | 0 |
| Withdrawn status | Lost status | Source of classification or shelving scheme | Damaged status | Not for loan | Home library | Current library | Shelving location | Date acquired | Total Checkouts | Full call number | Barcode | Date last seen | Copy number | Price effective from | Koha item type |
|---|---|---|---|---|---|---|---|---|---|---|---|---|---|---|---|
| Dewey Decimal Classification | London | London | News article | 23/12/2003 | WB4001-33 | 124696-1001 | 06/08/2019 | 1 | 06/08/2019 | News article |